• 首页
  • 本馆介绍
  • 公告通知
  • 最新文献
  • 馆藏检索
  • 电子资源
  • 读者荐购
  • 参考咨询
  • CALIS
  • 我的图书馆
  • 登录
  • 详细信息显示
  • 放入我的书架
  • 预约/预借图书
  • 作者相关作品
  • 分类相关作品
  • 丛书相关作品
  • 出版社相关作品

书目信息

  • 表格格式
  • 工作单格式
  • 卡片格式
题名:
二级注册结构工程师专业考试历年试题与考点分析
    
 
作者: 张庆芳 , 杨开 主编
分册:  
出版信息: 北京   中国建筑工业出版社  2024
页数: 974页
开本: 26cm
丛书名: 执业资格考试丛书
单 册:
中图分类: TU3
科图分类:
主题词: 建筑结构--资格考试--自学参考资料
电子资源:
ISBN: 978-7-112-29568-5
 
 
 
 
 
000 01153nam0 2200289 450
001 012820547
005 20240320131809.0
010    @a978-7-112-29568-5@dCNY165.00
100    @a20240320d2024 em y0chiy0120 ea
101 0  @achi
102    @aCN@b110000
105    @aa z 000yy
106    @ar
200 1  @a二级注册结构工程师专业考试历年试题与考点分析@9er ji zhu ce jie gou gong cheng shi zhuan ye kao shi li nian shi ti yu kao dian fen xi@f张庆芳,杨开主编
205    @a11版
210    @a北京@c中国建筑工业出版社@d2024
215    @a974页@c图@d26cm
225 1  @a执业资格考试丛书@h2024
330    @a本书主要内容分为两部分。第1部分基础篇,按专业汇集了2003-2014年的二级注册结构工程师专业考试试题,并按现行规范对试题进行修改后给出详尽解答;还对各专业的考点进行梳理分析。第2部分实训篇,按年度汇集了2016-2023年的成套试题,并按现行规范进行解答;还给出一套模拟试题与解答。
461  0 @12001 @a执业资格考试丛书
586    @a
606 0  @a建筑结构@x资格考试@j自学参考资料
690    @aTU3@v5
701  0 @a张庆芳@9zhang qing fang@4主编
701  0 @a杨开@9yang kai@4主编
801  0 @aCN@c20240321
905    @dTU3@eZ151-3=11@f1@sTU3/Z151-3=11@S@Z
    
    二级注册结构工程师专业考试历年试题与考点分析/张庆芳,杨开主编.-11版.-北京:中国建筑工业出版社,2024
    974页:图;26cm.-(执业资格考试丛书.2024)
    
    
    ISBN 978-7-112-29568-5:CNY165.00
    本书主要内容分为两部分。第1部分基础篇,按专业汇集了2003-2014年的二级注册结构工程师专业考试试题,并按现行规范对试题进行修改后给出详尽解答;还对各专业的考点进行梳理分析。第2部分实训篇,按年度汇集了2016-2023年的成套试题,并按现行规范进行解答;还给出一套模拟试题与解答。
●
相关链接 在E读中查询图书 在当当中查询图书 在豆瓣中查询图书


正题名:二级注册结构工程师专业考试历年试题与考点     索取号:TU3/Z151-3=11         预约/预借

序号 登录号 条形码 馆藏地/架位号 状态 备注
1 21618263   216182636   建筑库101/101建筑库 75排2列2层/ [索取号:TU3/Z151-3=11] 在馆    
河南城建学院图书馆 欢迎您!
大连网信软件有限公司© 版权所有